[Event "DVM 2005 u20"]
[Site "Berlin"]
[Date "2005.12.28"]
[Round "4.1"]
[White "Mutschnik, Illya"]
[Black "Krämer, Martin"]
[Result "0-1"]
[WhiteElo "2414"]
[BlackElo "2394"]
[PlyCount "74"]
[EventDate "2000.??.??"]

1. e4 c5 2. Nf3 Nc6 3. d4 cxd4 4. Nxd4 Nf6 5. Nc3 d6 6. Bg5 e6 7. Qd2 a6 8.
O-O-O h6 9. Be3 Be7 10. f3 Nxd4 11. Qxd4 b5 12. g4 Rb8 13. Kb1 b4 14. Ne2 e5
15. Qd2 Be6 16. Ng3 Qa5 17. b3 d5 18. g5 hxg5 19. Bxg5 Rd8 20. Bd3 Qc5 21. h4
dxe4 22. Nxe4 Qc6 23. Bxf6 gxf6 24. Qe2 f5 25. Bxa6 Rxd1+ 26. Rxd1 Qb6 27. Ng5
Rxh4 28. Nxe6 fxe6 29. Bb5+ Kf7 30. Qxe5 Bf6 31. Qe2 Rd4 32. Re1 Rd5 33. Bc4
Re5 34. Qf1 Qd4 35. Rxe5 Bxe5 36. Kc1 Qb2+ 37. Kd1 Qb1+ 0-1

[Event "DVM 2005 u20"]
[Site "Berlin"]
[Date "2005.12.28"]
[Round "4.2"]
[White "Holzschuh, Stephan"]
[Black "Strohhäker, Raoul"]
[Result "1-0"]
[WhiteElo "2257"]
[BlackElo "2285"]
[PlyCount "59"]
[EventDate "2000.??.??"]

1. e4 c5 2. Nf3 e6 3. d4 cxd4 4. Nxd4 Nc6 5. Nc3 Qc7 6. Be3 a6 7. a3 Nf6 8. Be2
Na5 9. O-O Nc4 10. Bc1 b5 11. Qd3 Ne5 12. Qg3 Bb7 13. Bd3 Bc5 14. Be3 d6 15.
Qxg7 Ke7 16. Bg5 Neg4 17. Nxe6 Kxe6 18. Nd5 Qd8 19. Nf4+ Ke7 20. Nd5+ Bxd5 21.
exd5 Rg8 22. Rae1+ Kd7 23. Qxf7+ Kc8 24. Bxf6 Nxf6 25. Re7 Ra7 26. Rxa7 Bxa7
27. Qxa7 Qd7 28. Qxa6+ Kd8 29. Qb6+ Ke7 30. Qe3+ 1-0

[Event "DVM 2005 u20"]
[Site "Berlin"]
[Date "2005.12.28"]
[Round "4.3"]
[White "Beck, Frederik"]
[Black "Wehner, Jannis"]
[Result "1-0"]
[WhiteElo "2214"]
[BlackElo "2237"]
[PlyCount "149"]
[EventDate "2000.??.??"]

1. e4 c5 2. Nf3 Nc6 3. d4 cxd4 4. Nxd4 g6 5. g3 Bg7 6. Ne2 Nf6 7. Bg2 O-O 8.
Nbc3 d6 9. O-O a6 10. a4 Bd7 11. Nd5 Nxd5 12. exd5 Na5 13. Ra2 Rc8 14. b3 Qc7
15. Be3 e6 16. dxe6 fxe6 17. Qd2 Bc6 18. Bh3 Rce8 19. Nf4 Rf6 20. Rd1 e5 21.
Nd5 Bxd5 22. Qxd5+ Kh8 23. Bg5 Rff8 24. Qxd6 Qf7 25. Qd2 Nc6 26. Bg2 Nd4 27.
Qe3 Nf5 28. Qe2 Nd4 {(=)} 29. Qe3 Nf5 30. Qe1 Nd4 31. Be3 Rd8 32. Bxd4 exd4 33.
Rd3 Rde8 34. Qf1 Qe7 35. Rf3 Rxf3 36. Bxf3 Qb4 37. Kg2 a5 38. Qb5 Qe1 39. Qf1
Qxf1+ 40. Kxf1 b6 {(=)} 41. Be2 Kg8 42. Bd3 g5 43. Ra1 h6 44. Kg2 Bf8 45. Rf1
Bb4 46. f4 Rf8 47. Kf3 Bd2 48. Ke4 Be3 49. fxg5 Rxf1 50. Bxf1 hxg5 51. h3 Kf8
52. Kd5 Ke7 53. Kc6 Bf2 54. g4 Ke6 55. Bd3 Be1 56. Kxb6 Kd6 57. Be4 Ke5 58. Bd3
Kd6 59. Kb5 Kd5 60. Bf1 Ke5 61. Kc4 Bb4 62. h4 gxh4 63. g5 Bc3 64. Bh3 Bb4 65.
g6 Kf6 66. Kxd4 Kxg6 67. Kc4 Be1 68. c3 Kf6 69. b4 axb4 70. cxb4 Ke7 71. Kc5
Kd8 72. b5 Kc7 73. b6+ Kb8 74. Kb5 Bf2 75. a5 1-0

[Event "DVM 2005 u20"]
[Site "Berlin"]
[Date "2005.12.28"]
[Round "4.5"]
[White "Hauser, Carlos"]
[Black "Gehlhaar, Christian"]
[Result "1-0"]
[WhiteElo "2131"]
[BlackElo "2095"]
[PlyCount "103"]
[EventDate "2000.??.??"]

1. d4 Nf6 2. c4 e6 3. Nc3 Bb4 4. Qc2 O-O 5. a3 Bxc3+ 6. Qxc3 Ne4 7. Qc2 f5 8.
Nh3 b6 9. f3 Nf6 10. e3 Bb7 11. Bd3 d6 12. c5 dxc5 13. dxc5 Nfd7 14. cxb6 Ne5
15. Be2 cxb6 16. O-O Na6 17. b4 Qc7 18. Qa4 Qc3 19. Ra2 Qc8 20. Rc2 Nc7 21. Bb2
Ng6 22. Bxg7 Kxg7 23. Rfc1 Rf7 24. Ng5 Qe8 25. Qxe8 Nxe8 26. Nxf7 Kxf7 27. Rc7+
Nxc7 28. Rxc7+ Kf6 29. Rxb7 Nf8 30. Kf2 Ke5 31. f4+ Kd6 32. Bf3 Rc8 33. Rxa7
Nd7 34. Bd1 Rc7 35. Rxc7 Kxc7 36. a4 Nb8 37. Bb3 Kd6 38. a5 b5 39. Bd1 Na6 40.
Be2 Kc6 41. e4 fxe4 42. Ke3 Nxb4 43. Kxe4 Nd5 44. Ke5 b4 45. Bc4 Nc7 46. g4 Kc5
47. Bb3 Kb5 48. f5 exf5 49. gxf5 Ne8 50. f6 Nxf6 51. Kxf6 Kxa5 52. h4 1-0

[Event "DVM 2005 u20"]
[Site "Berlin"]
[Date "2005.12.28"]
[Round "4.6"]
[White "Hermann, Ingo"]
[Black "Stiefel, Michael"]
[Result "1/2-1/2"]
[WhiteElo "2007"]
[BlackElo "2057"]
[PlyCount "93"]
[EventDate "2000.??.??"]

1. e4 c5 2. c3 d5 3. exd5 Qxd5 4. d4 Nf6 5. Nf3 Bg4 6. Be2 e6 7. Na3 Nc6 8. Be3
cxd4 9. Nb5 Rc8 10. Nbxd4 Nxd4 11. Qxd4 Qxd4 12. Bxd4 Bc5 13. Rd1 Ke7 14. h3
Bf5 15. O-O Bxd4 16. Rxd4 Rhd8 17. Rfd1 Bc2 18. Rxd8 Rxd8 19. Rxd8 Kxd8 20. Ne5
Ke7 21. Kf1 Nd5 22. Bf3 f6 23. Bxd5 exd5 24. Nf3 Bb1 25. a3 Be4 26. Nd4 a6 27.
g3 Kd6 28. Ke2 Bg6 29. Ke3 Be4 30. h4 Ke5 31. Nb3 b6 32. Nd4 Kd6 33. Kf4 Kc5
34. f3 Bg6 35. Ke3 Kd6 36. g4 Bb1 37. Kf4 Bd3 38. Nf5+ Bxf5 39. Kxf5 Kc5 40.
Ke6 Kc4 41. Kf7 Kb3 42. Kxg7 Kxb2 43. Kxh7 Kxc3 44. g5 fxg5 45. hxg5 d4 46. g6
d3 47. g7 1/2-1/2

[Event "DVM 2005 u20"]
[Site "Berlin"]
[Date "2005.12.28"]
[Round "4.1"]
[White "Armbrust, Florian"]
[Black "Brener, Ilja"]
[Result "1/2-1/2"]
[WhiteElo "2280"]
[BlackElo "2334"]
[PlyCount "80"]
[EventDate "2000.??.??"]

1. e4 c5 2. Nc3 Nc6 3. Bb5 Nd4 4. Bc4 e6 5. Nf3 Ne7 6. Nxd4 cxd4 7. Ne2 Nc6 8.
d3 Be7 9. O-O O-O 10. Bd2 f5 11. f3 Kh8 12. Kh1 a6 13. a4 Bc5 14. Rb1 Ba7 15.
b4 Ne5 16. Bf4 d6 17. Bxe5 dxe5 18. f4 Bb8 19. exf5 exf5 20. fxe5 Bxe5 21. Nf4
Qd6 22. Qd2 Bd7 23. b5 Rae8 24. g3 g5 25. Nh3 h6 26. Qg2 Rb8 27. Rbe1 Bg7 28.
Re2 axb5 29. axb5 b6 30. Rfe1 f4 31. Nxg5 hxg5 32. Re6 Bxe6 33. Rxe6 Qxe6 34.
Bxe6 Rf6 35. Bd5 Rbf8 36. gxf4 gxf4 37. Qf3 Rh6 38. Be4 Be5 39. Bd5 Bg7 40. Be4
Be5 1/2-1/2

[Event "DVM 2005 u20"]
[Site "Berlin"]
[Date "2005.12.28"]
[Round "4.2"]
[White "Frübing, Stefan"]
[Black "Lohr, Matthias"]
[Result "1/2-1/2"]
[WhiteElo "2233"]
[BlackElo "2146"]
[PlyCount "85"]
[EventDate "2000.??.??"]

1. e4 c5 2. Nf3 d6 3. d4 cxd4 4. Nxd4 Nf6 5. Nc3 Nc6 6. f4 e6 7. Be2 Be7 8. Be3
Bd7 9. O-O O-O 10. Kh1 Nxd4 11. Qxd4 Bc6 12. Bf3 Qc7 13. a4 a6 14. a5 Rac8 15.
Rfd1 Rfd8 16. Qd2 Rd7 17. Qf2 Qd8 18. Re1 d5 19. Bb6 Qf8 20. e5 Ne8 21. Rad1 g6
22. Be3 Bb4 23. Bb6 Ng7 24. g4 Bb5 25. f5 Bxc3 26. bxc3 Rxc3 27. f6 Ne8 28. Bd4
Rc4 29. c3 Rdc7 30. Qd2 Qa3 31. Ra1 Rxd4 32. Qxd4 Qxc3 33. Qxc3 Rxc3 34. Kg2
Bc6 35. Rec1 Re3 36. Re1 Rb3 37. Rab1 Ra3 38. Ra1 Rd3 39. Kf2 Nc7 40. Red1 Rb3
41. Rab1 Ra3 42. Ra1 Rb3 43. Rab1 1/2-1/2

[Event "DVM 2005 u20"]
[Site "Berlin"]
[Date "2005.12.28"]
[Round "4.3"]
[White "Kühner, Christian"]
[Black "Becker, Nils"]
[Result "0-1"]
[WhiteElo "2143"]
[BlackElo "2122"]
[PlyCount "30"]
[EventDate "2000.??.??"]

1. c4 e5 2. Nc3 Nf6 3. g3 d5 4. cxd5 Nxd5 5. Bg2 Nb6 6. Nf3 Nc6 7. O-O Be7 8.
d3 O-O 9. a3 Bg4 10. h3 Bh5 11. b4 a6 12. Be3 f5 13. Na4 e4 14. Nxb6 exf3 15.
Nxa8 fxe2 0-1

[Event "DVM 2005 u20"]
[Site "Berlin"]
[Date "2005.12.28"]
[Round "4.4"]
[White "Rutschke, Bernhard"]
[Black "Fragin, Ilja"]
[Result "1-0"]
[WhiteElo "2087"]
[BlackElo "2042"]
[PlyCount "87"]
[EventDate "2000.??.??"]

1. e4 Nf6 2. e5 Nd5 3. d4 d6 4. Nf3 Nc6 5. Be2 g6 6. c4 Nb6 7. exd6 cxd6 8. Nc3
Bg7 9. Be3 O-O 10. Qd2 Bf5 11. O-O d5 12. c5 Nc4 13. Bxc4 dxc4 14. b3 cxb3 15.
axb3 Bg4 16. Ra4 Bxf3 17. gxf3 e5 18. d5 Nd4 19. Rxd4 exd4 20. Bxd4 f5 21. Bxg7
Kxg7 22. d6 h6 23. Nd5 Rf7 24. Qc3+ Kh7 25. Re1 Qg5+ 26. Kh1 f4 27. Re5 Qh4 28.
Re7 Kg8 29. Rxf7 Kxf7 30. Nc7 Qxf2 31. Qc4+ Kg7 32. Nxa8 Qxf3+ 33. Kg1 Qg4+ 34.
Kf2 Qh4+ 35. Kf3 g5 36. Qd4+ Kf7 37. Qd5+ Kf6 38. d7 Qh3+ 39. Ke2 Qe3+ 40. Kd1
Qg1+ 41. Kc2 Qf2+ 42. Kc3 Qe1+ 43. Kb2 Qe2+ 44. Ka3 1-0

[Event "DVM 2005 u20"]
[Site "Berlin"]
[Date "2005.12.28"]
[Round "4.5"]
[White "Katte, Isabel"]
[Black "Beißer, Jacob"]
[Result "1-0"]
[WhiteElo "1950"]
[BlackElo "2066"]
[PlyCount "91"]
[EventDate "2000.??.??"]

1. e4 c5 2. Nc3 Nc6 3. f4 g6 4. Nf3 Bg7 5. Bb5 Nd4 6. a4 a6 7. Bc4 e6 8. d3 d6
9. O-O Ne7 10. e5 d5 11. Ba2 Nxf3+ 12. Qxf3 O-O 13. Ne2 Qc7 14. c3 Bd7 15. d4
c4 16. Bb1 b5 17. Bc2 Rfb8 18. b4 cxb3 19. Bxb3 bxa4 20. Bxa4 Bxa4 21. Rxa4 Nc8
22. Qg3 Qd7 23. Ra1 Nb6 24. Qd3 Nc4 25. g4 Rb6 26. f5 exf5 27. gxf5 gxf5 28.
Rxf5 Rg6+ 29. Kf2 Qe7 30. Bf4 a5 31. Qf3 Qe6 32. Rg5 Rb8 33. Bc1 Rxg5 34. Bxg5
Rb2 35. Rg1 Nd2 36. Bxd2 Rxd2 37. Qf4 Qa6 38. Qg4 Rxe2+ 39. Qxe2 Qh6 40. Qg4
Kf8 41. Rb1 Qxh2+ 42. Kf3 Bh6 43. Rg1 Qd2 44. Qc8+ Ke7 45. Qc7+ Ke6 46. Qd6+
1-0

[Event "DVM 2005 u20"]
[Site "Berlin"]
[Date "2005.12.28"]
[Round "4.6"]
[White "Werner, Daniel"]
[Black "Khalat, David"]
[Result "1-0"]
[WhiteElo "2167"]
[BlackElo "1640"]
[PlyCount "41"]
[EventDate "2000.??.??"]

1. e4 d5 2. exd5 Nf6 3. d4 Nxd5 4. Nf3 Bg4 5. Be2 e6 6. O-O Nc6 7. c4 Nb6 8.
Nc3 Be7 9. Be3 Bf6 10. d5 exd5 11. cxd5 Ne7 12. Bb5+ Bd7 13. d6 Nf5 14. dxc7
Qxc7 15. Bxb6 axb6 16. Nd5 Qc8 17. Nxf6+ gxf6 18. Re1+ Ne7 19. Qd6 Qd8 20. Qxf6
Rg8 21. Ne5 1-0

[Event "DVM 2005 u20"]
[Site "Berlin"]
[Date "2005.12.28"]
[Round "4.1"]
[White "Hillmann, Michael"]
[Black "Bubolz, Konstantin"]
[Result "1/2-1/2"]
[WhiteElo "2067"]
[BlackElo "2042"]
[PlyCount "80"]
[EventDate "2000.??.??"]

1. d4 Nf6 2. c4 c5 3. Nf3 cxd4 4. Nxd4 e5 5. Nb3 d5 6. cxd5 Qxd5 7. Qxd5 Nxd5
8. e4 Nb4 9. Na3 Be6 10. Bb5+ N8c6 11. Na5 a6 12. Bxc6+ bxc6 13. O-O Bc5 14.
Bd2 Nd3 15. N3c4 O-O 16. b3 Rac8 17. Be3 Bxe3 18. Nxe3 Rfd8 19. Rfd1 c5 20. Rd2
Nf4 21. Rad1 Rd4 22. Nc2 Ne2+ 23. Kf1 Rxd2 24. Rxd2 Nc3 25. Ne1 Nxe4 26. Re2
Nc3 27. Rxe5 Nxa2 28. Nd3 Kf8 29. Nxc5 Ke7 30. f4 Nb4 31. Nxe6 fxe6 32. f5 Rc1+
33. Ke2 Re1+ 34. Kxe1 Nd3+ 35. Kd2 Nxe5 36. fxe6 Kxe6 37. b4 Kd5 38. Kc3 Ke4
39. Nb7 Kd5 40. Na5 Ke4 1/2-1/2

[Event "DVM 2005 u20"]
[Site "Berlin"]
[Date "2005.12.28"]
[Round "4.2"]
[White "Jahnz, Fabian"]
[Black "Günther, Christian"]
[Result "1/2-1/2"]
[WhiteElo "2166"]
[BlackElo "2029"]
[PlyCount "60"]
[EventDate "2000.??.??"]

1. e4 Nf6 2. e5 Nd5 3. d4 d6 4. Nf3 dxe5 5. Nxe5 Nd7 6. c4 N5b6 7. Nxd7 Bxd7 8.
Bd3 g6 9. Nc3 c6 10. O-O Bg7 11. Be3 Be6 12. c5 Nd5 13. Nxd5 Qxd5 14. Be2 O-O
15. Bf3 Qd7 16. Qd2 Rfd8 17. Rfd1 Bg4 18. Bxg4 Qxg4 19. f3 Qf5 20. Qb4 Rd7 21.
Rd2 Rad8 22. Rad1 Qe6 23. Qc3 Rd5 24. b4 Qd7 25. a4 a6 26. Qc4 Qc7 27. b5 axb5
28. axb5 cxb5 29. Qxb5 e5 30. dxe5 Rxd2 1/2-1/2

[Event "DVM 2005 u20"]
[Site "Berlin"]
[Date "2005.12.28"]
[Round "4.3"]
[White "Strache, Michael"]
[Black "Hertwig, Christopher"]
[Result "1/2-1/2"]
[WhiteElo "2083"]
[BlackElo "1939"]
[PlyCount "48"]
[EventDate "2000.??.??"]

1. e4 e6 2. d4 d5 3. Nc3 Nf6 4. Bg5 Bb4 5. e5 h6 6. exf6 hxg5 7. fxg7 Rg8 8. h4
gxh4 9. Nf3 Nc6 10. Qd3 Qf6 11. Rxh4 Qxg7 12. O-O-O Bd7 13. Rh7 Qf6 14. Qe3
O-O-O 15. Ne5 Rg7 16. Rh6 Qe7 17. Nxc6 Bxc6 18. g3 Rdg8 19. Bh3 Qg5 20. Qxg5
Rxg5 21. Ne2 R5g6 22. Rh7 R6g7 23. Rh5 Rg5 24. Rh7 R5g7 1/2-1/2

[Event "DVM 2005 u20"]
[Site "Berlin"]
[Date "2005.12.28"]
[Round "4.4"]
[White "Kasper, Andreas"]
[Black "Wendling, Hannes"]
[Result "1-0"]
[WhiteElo "1879"]
[BlackElo "2088"]
[PlyCount "97"]
[EventDate "2000.??.??"]

1. Nf3 Nf6 2. c4 c6 3. Nc3 d5 4. e3 a6 5. d4 g6 6. b3 Bg7 7. Bb2 O-O 8. Bd3 Bg4
9. h3 Bxf3 10. Qxf3 b5 11. O-O e6 12. Rfc1 Nbd7 13. c5 e5 14. Qd1 exd4 15. exd4
Qc7 16. Ne2 Rfe8 17. Rc2 Nf8 18. Bc1 Ne6 19. Be3 Nd7 20. Qd2 f5 21. Kh1 Re7 22.
a4 Ndxc5 23. Rb1 Nxd3 24. Qxd3 Qb6 25. a5 Qb7 26. Rbc1 Rc8 27. Qd2 Bf6 28. Nf4
Nxf4 29. Bxf4 Re4 30. Be3 f4 31. Bxf4 Rxd4 32. Qe3 Re4 33. Qg3 Bd8 34. Bd2 b4
35. Qd6 Be7 36. Qg3 c5 37. f3 Re6 38. Qg4 Rec6 39. Re1 Bf8 40. Re6 c4 41. bxc4
Rxc4 42. Rxc4 dxc4 43. Rb6 Qc7 44. Qe6+ Kh8 45. Bf4 Qd8 46. Be5+ Bg7 47. Bxg7+
Kxg7 48. Rb7+ Kh8 49. Qe5+ 1-0

[Event "DVM 2005 u20"]
[Site "Berlin"]
[Date "2005.12.28"]
[Round "4.5"]
[White "Bürckner, Georg"]
[Black "Rath, Oliver"]
[Result "1/2-1/2"]
[WhiteElo "1816"]
[BlackElo "1900"]
[PlyCount "53"]
[EventDate "2000.??.??"]

1. e4 c5 2. c3 e6 3. d4 cxd4 4. cxd4 d5 5. exd5 Qxd5 6. Nf3 Nf6 7. Nc3 Qd8 8.
Be2 Be7 9. O-O O-O 10. h3 Nc6 11. Be3 b6 12. Rc1 Bb7 13. a3 Rc8 14. Bd3 h6 15.
Qe2 Na5 16. Nd2 Nc6 17. Nf3 Na5 18. Nd2 Nd5 19. Nxd5 Bxd5 20. b4 Rxc1 21. Rxc1
Nb3 22. Nxb3 Bxb3 23. Qg4 Kh8 24. Qh5 Bg5 25. Ba6 Bxe3 26. fxe3 Qd7 27. Qe5
1/2-1/2

[Event "DVM 2005 u20"]
[Site "Berlin"]
[Date "2005.12.28"]
[Round "4.6"]
[White "Schulz, Reimar"]
[Black "Richter, Dustin"]
[Result "1-0"]
[WhiteElo "1531"]
[BlackElo "1432"]
[PlyCount "81"]
[EventDate "2000.??.??"]

1. Nf3 Nf6 2. d4 g6 3. c4 Bg7 4. Nc3 O-O 5. Bf4 d6 6. e4 Nbd7 7. Be2 Re8 8. d5
Nc5 9. Nd2 a5 10. O-O h6 11. a3 a4 12. Be3 Nfd7 13. Qc2 Nb6 14. f4 f5 15. Bxc5
dxc5 16. e5 e6 17. Qd3 Bf8 18. Qg3 Kh7 19. Nf3 Re7 20. Rad1 Rg7 21. Rd3 Qe8 22.
Rd2 Bd7 23. Rfd1 Rd8 24. Qh4 Be7 25. Qh3 Kg8 26. d6 cxd6 27. exd6 Bf6 28. Nb5
Bxb5 29. cxb5 c4 30. Ne5 Bxe5 31. fxe5 Qxb5 32. Qxh6 Qxe5 33. Qg5 Rdd7 34. Bf3
Qc5+ 35. Kf1 c3 36. bxc3 Nc4 37. Rd4 e5 38. Bd5+ Kf8 39. Rxc4 Qxd6 40. Rc8+ Rd8
41. Rxd8+ 1-0

[Event "DVM 2005 u20"]
[Site "Berlin"]
[Date "2005.12.28"]
[Round "4.1"]
[White "Hilverda, Alexander"]
[Black "Nüsken, Nikolas"]
[Result "0-1"]
[WhiteElo "2156"]
[BlackElo "2302"]
[PlyCount "70"]
[EventDate "2000.??.??"]

1. e4 e5 2. Nf3 d6 3. d4 exd4 4. Nxd4 Nf6 5. Nc3 Be7 6. Bf4 O-O 7. Qd2 c6 8. f3
d5 9. exd5 Nxd5 10. Nxd5 Qxd5 11. Nb3 Bh4+ 12. Kd1 Qe6 13. Bd3 Rd8 14. c4 Na6
15. Kc2 Qe7 16. a3 Bf5 17. Bxf5 Rxd2+ 18. Bxd2 Rd8 19. g3 Nc5 20. Rhe1 Nxb3 21.
Kxb3 Qc5 22. Bc2 Bf6 23. Be3 Qa5 24. Rad1 g6 25. Ka2 Kg7 26. g4 Rxd1 27. Rxd1
Qe5 28. Bc1 Qxh2 29. Bb3 c5 30. Rd7 Qh1 31. Be3 Qxf3 32. Bxc5 Qxg4 33. Rd2 Qg5
34. Rd5 Qg2 35. Bd4 h5 0-1

[Event "DVM 2005 u20"]
[Site "Berlin"]
[Date "2005.12.28"]
[Round "4.2"]
[White "Abel, Dennes"]
[Black "Dahmen, Christoph"]
[Result "0-1"]
[WhiteElo "2186"]
[BlackElo "2088"]
[PlyCount "67"]
[EventDate "2000.??.??"]

1. e4 c5 2. Nf3 Nc6 3. d4 cxd4 4. Nxd4 g6 5. c4 Bg7 6. Nc2 Nf6 7. Nc3 O-O 8.
Be2 d6 9. O-O Bd7 10. Be3 Rc8 11. Qd2 Re8 12. Qc1 Ne5 13. Na3 Be6 14. b3 Ned7
15. Nab5 a6 16. Nd4 Nc5 17. Nxe6 Nxe6 18. f3 a5 19. Rd1 Nc5 20. e5 Nfd7 21.
exd6 exd6 22. Bf2 Re6 23. Bf1 Qf8 24. Re1 Ne5 25. Nd5 Bh6 26. f4 Ng4 27. Bd4
Ne4 28. Qc2 Rce8 29. h3 Ngf6 30. Bd3 Bg7 31. Nc7 Qe7 32. Nxe6 Qxe6 33. Bxf6
Qxf6 34. Rxe4 0-1

[Event "DVM 2005 u20"]
[Site "Berlin"]
[Date "2005.12.28"]
[Round "4.4"]
[White "Laake, Jasmin"]
[Black "Ebert, Manuel"]
[Result "1/2-1/2"]
[WhiteElo "1974"]
[BlackElo "1999"]
[PlyCount "93"]
[EventDate "2000.??.??"]

1. e4 c5 2. Nf3 e6 3. d4 cxd4 4. Nxd4 a6 5. Bd3 Qc7 6. O-O Nf6 7. Qe2 d6 8. c4
Nbd7 9. Nc3 b6 10. b4 Bb7 11. Bb2 Ne5 12. Nc2 Nxd3 13. Qxd3 Rc8 14. Ne3 Be7 15.
Rfd1 O-O 16. a3 Rfd8 17. Rac1 Bf8 18. f3 Nh5 19. Ne2 Qe7 20. Qb3 Qg5 21. Kh1
Kh8 22. a4 Ba8 23. Rd3 Re8 24. Rcd1 f5 25. e5 dxe5 26. Bxe5 f4 27. Ng4 b5 28.
Rd4 bxc4 29. Qc3 Bc6 30. Rxc4 Bb7 31. Rd7 Rxc4 32. Qxc4 Bd5 33. Qxa6 Bxb4 34.
Nxf4 Qh4 35. Nd3 Bf8 36. Rc7 Rb8 37. Rc1 Ra8 38. Qb5 Qg5 39. a5 Qd2 40. a6 Rc8
41. Rg1 Qe2 {(=)} 42. Qb1 Ra8 43. Re1 Qd2 44. Qb5 Qa2 {(=)} 45. Ra1 Qc4 46.
Qxc4 Bxc4 47. Ndf2 1/2-1/2

[Event "DVM 2005 u20"]
[Site "Berlin"]
[Date "2005.12.28"]
[Round "4.5"]
[White "Fox, Daniel"]
[Black "Wolf, Christoph"]
[Result "1/2-1/2"]
[WhiteElo "2009"]
[BlackElo "1954"]
[PlyCount "69"]
[EventDate "2000.??.??"]

1. e4 c5 2. c3 Nf6 3. e5 Nd5 4. d4 cxd4 5. Nf3 e6 6. cxd4 d6 7. Bc4 Be7 8. Bxd5
exd5 9. Nc3 dxe5 10. dxe5 Be6 11. Nd4 Nc6 12. O-O Bc5 13. Be3 Bxd4 14. Bxd4 O-O
15. f4 Qh4 16. Bc5 Bg4 17. Qb3 Rfd8 18. Nxd5 Na5 19. Ne7+ Qxe7 20. Bxe7 Nxb3
21. axb3 Rd2 22. Rf2 Rxf2 23. Kxf2 h5 24. b4 a6 25. Rc1 Rc8 26. Rc5 Rxc5 27.
bxc5 Bd7 28. Ke3 Kh7 29. g3 Kg6 30. Bf8 Bc6 31. b4 Bd5 32. Kd4 Bf3 33. Ke3 Bd5
34. Kd4 Bf3 35. Ke3 1/2-1/2

[Event "DVM 2005 u20"]
[Site "Berlin"]
[Date "2005.12.28"]
[Round "4.6"]
[White "Wall, Henrik"]
[Black "Förster, Matthias"]
[Result "1-0"]
[WhiteElo "1878"]
[BlackElo "1669"]
[PlyCount "87"]
[EventDate "2000.??.??"]

1. e4 c5 2. Nf3 Nc6 3. Bb5 e6 4. Bxc6 bxc6 5. c4 Ne7 6. Nc3 Ng6 7. O-O e5 8. d3
d6 9. Be3 Be7 10. a3 a5 11. Qa4 Bd7 12. Ne2 O-O 13. Ng3 Qb6 14. Rab1 Rfb8 15.
Bd2 Qb3 16. Qxb3 Rxb3 17. Bc3 a4 18. Nd2 Rbb8 19. Ne2 f5 20. g3 f4 21. f3 Rf8
22. Kg2 Be6 23. b4 axb3 24. Rxb3 d5 25. Rfb1 d4 26. Bb2 Rfb8 27. Bc1 Bd6 28.
Rxb8+ Rxb8 29. Rxb8+ Bxb8 30. Nb3 Bd6 31. gxf4 exf4 32. a4 Kf7 33. Ba3 Ne5 34.
Bxc5 Bxc5 35. Nxc5 g5 36. Nxd4 Bc8 37. a5 Ke7 38. a6 Nd7 39. a7 Nb6 40. Na4 Na8
41. Nxc6+ Kd6 42. Na5 Bd7 43. c5+ Ke7 44. Nb6 1-0

[Event "DVM 2005 u20"]
[Site "Berlin"]
[Date "2005.12.28"]
[Round "4.1"]
[White "Hörr, Matthias"]
[Black "Zaragatski, Ilja"]
[Result "0-1"]
[WhiteElo "2124"]
[BlackElo "2376"]
[PlyCount "90"]
[EventDate "2000.??.??"]

1. e4 e6 2. d4 d5 3. e5 c5 4. c3 Nc6 5. Nf3 Nge7 6. Na3 cxd4 7. cxd4 Nf5 8. Nc2
Qb6 9. Bd3 Bd7 10. O-O a5 11. Bxf5 exf5 12. Re1 h6 13. Qd3 Be6 14. Bd2 Be7 15.
a3 g5 16. Reb1 f4 17. b4 a4 18. b5 Na5 19. Bxa5 Rxa5 20. Rb2 Kd7 21. Rab1 Rc8
22. Nfe1 Qc7 23. Nb4 Qc4 24. Rc2 Qxd3 25. Nexd3 Rxc2 26. Nxc2 Bf5 27. Nce1 Bxa3
28. Kf1 Kc7 29. Ke2 Kb6 30. Nc2 Bf8 31. Ncb4 Bxb4 32. Rxb4 Bxd3+ 33. Kxd3 a3
34. Rb1 a2 35. Ra1 Kxb5 36. Kc3 Ra3+ 37. Kb2 Kb4 38. g3 f3 39. Kc2 Rc3+ 40. Kd2
Ra3 41. Kc2 b5 42. g4 Rc3+ 43. Kd2 Kb3 44. Rxa2 Kxa2 45. Kxc3 Ka3 0-1

[Event "DVM 2005 u20"]
[Site "Berlin"]
[Date "2005.12.28"]
[Round "4.2"]
[White "Zhang, Fan"]
[Black "Pfeufer, Lion"]
[Result "1/2-1/2"]
[WhiteElo "2071"]
[BlackElo "2014"]
[PlyCount "62"]
[EventDate "2000.??.??"]

1. d4 Nf6 2. Nf3 g6 3. Bf4 Bg7 4. e3 O-O 5. h3 d6 6. Be2 b6 7. O-O Bb7 8. c3 c5
9. a4 a6 10. Nbd2 Nbd7 11. Re1 Re8 12. Bh2 h6 13. Qc2 Rc8 14. Rad1 d5 15. Ne5
Nh7 16. Ndf3 e6 17. Qd2 Nhf8 18. Bd3 f5 19. Bc2 Qe7 20. Qe2 Kh7 21. Bg3 Nxe5
22. Bxe5 Nd7 23. Bxg7 Kxg7 24. Qd2 Red8 25. Qe2 c4 26. Nd2 Nf6 27. Qf3 Rf8 28.
Qf4 Qc7 29. Qxc7+ Rxc7 30. f3 Re7 31. e4 Rfe8 1/2-1/2

[Event "DVM 2005 u20"]
[Site "Berlin"]
[Date "2005.12.28"]
[Round "4.3"]
[White "Lozovoy, Sergej"]
[Black "Pilat, Daniel"]
[Result "0-1"]
[WhiteElo "1976"]
[BlackElo "2144"]
[PlyCount "70"]
[EventDate "2000.??.??"]

1. e4 c5 2. Nf3 a6 3. c3 e6 4. d4 d5 5. e5 Bd7 6. dxc5 Bxc5 7. Bd3 Nc6 8. O-O
Nge7 9. Bg5 Qc7 10. Bxe7 Bxe7 11. Qe2 f6 12. Re1 fxe5 13. Nxe5 Nxe5 14. Qxe5
Qxe5 15. Rxe5 O-O 16. Nd2 Bf6 17. Re2 e5 18. Nb3 Rf7 19. Nc5 Bc6 20. Rae1 Raf8
21. Ne6 Re8 22. Nd4 Bd7 23. Bf5 Rc8 24. Bxd7 Rxd7 25. Nf3 e4 26. Nd2 Bd8 27. g3
Bb6 28. Kg2 Rf7 29. c4 Rcf8 30. cxd5 Rxf2+ 31. Kh3 Ba5 32. Nxe4 Bxe1 33. Rxe1
Rxb2 34. d6 Rb5 35. Rd1 Rd8 0-1

[Event "DVM 2005 u20"]
[Site "Berlin"]
[Date "2005.12.28"]
[Round "4.4"]
[White "Mazarov, Jürgen"]
[Black "Butzke, Daniel"]
[Result "1-0"]
[WhiteElo "1999"]
[BlackElo "1999"]
[PlyCount "55"]
[EventDate "2000.??.??"]

1. e4 e6 2. d4 d5 3. Nc3 Nf6 4. e5 Nfd7 5. f4 a6 6. Nf3 c5 7. Be3 Nc6 8. Qd2
cxd4 9. Nxd4 Nxd4 10. Bxd4 Bc5 11. Ne2 Bxd4 12. Nxd4 Nc5 13. Bd3 Qb6 14. O-O-O
Bd7 15. Rhf1 Bb5 16. Bxb5+ axb5 17. a3 Ra4 18. Qe2 O-O 19. Qxb5 Qa7 20. Kb1 Ra5
21. Qe2 Qb6 22. Rf3 Rfa8 23. Nb3 Na4 24. g4 Rb5 25. Qf2 Qa6 26. Qd4 Rc8 27. Rh3
Rc4 28. Qxc4 1-0

[Event "DVM 2005 u20"]
[Site "Berlin"]
[Date "2005.12.28"]
[Round "4.5"]
[White "Titz, Johannes"]
[Black "Fuhrmann, Marc Andre"]
[Result "0-1"]
[WhiteElo "1965"]
[BlackElo "1993"]
[PlyCount "117"]
[EventDate "2000.??.??"]

1. f4 d5 2. Nf3 g6 3. e3 Bg7 4. Be2 Nh6 5. O-O O-O 6. d3 c5 7. Kh1 Nc6 8. Qe1
e5 9. fxe5 Nxe5 10. e4 Nxf3 11. Bxf3 Be6 12. exd5 Bxd5 13. Nc3 Bxf3 14. Rxf3
Nf5 15. Bf4 Nd4 16. Rf2 Qd7 17. Qd2 Rfe8 18. Raf1 f5 19. Nd1 b6 20. c3 Ne6 21.
Bg3 Bf6 22. Re2 Rad8 23. Rf3 Bg5 24. Qe1 f4 25. Bf2 Ng7 26. d4 Nf5 27. Rd3 Qb5
28. b3 cxd4 29. cxd4 Ne3 30. Nb2 Ng4 31. Nc4 Nxf2+ 32. Qxf2 Rxe2 33. Qxe2 Re8
34. Qd1 Bh4 35. Ne5 Bf6 36. Nf3 Re3 37. Rd2 Qd5 38. Qc1 Kg7 39. Qc7+ Re7 40.
Qc4 Qe4 41. h3 {(=)} Bh4 42. Qf1 Bg3 43. Rd1 Qd5 44. Qc4 Qe4 45. Qd3 Qxd3 46.
Rxd3 Rc7 47. Rd1 Kf6 48. Kg1 Rc2 49. a3 Ke7 50. Ng5 h5 51. Ne4 Rb2 52. Nxg3
fxg3 53. Kf1 Rxb3 54. Re1+ Kd6 55. Re8 Rxa3 56. Rg8 Kd5 57. Rxg6 Kxd4 58. Rd6+
Ke3 59. Re6+ 0-1

[Event "DVM 2005 u20"]
[Site "Berlin"]
[Date "2005.12.28"]
[Round "4.6"]
[White "Neftik, Ilja"]
[Black "Franz, Tobias"]
[Result "1/2-1/2"]
[WhiteElo "1587"]
[BlackElo "1703"]
[PlyCount "49"]
[EventDate "2000.??.??"]

1. e4 e5 2. Nf3 Nf6 3. Nxe5 d6 4. Nf3 Nxe4 5. Nc3 Nxc3 6. dxc3 Nc6 7. Bf4 Be7
8. Bd3 Bg4 9. h3 Be6 10. Qd2 h6 11. O-O-O Qd7 12. Kb1 O-O-O 13. Bb5 Kb8 14. Nd4
Ka8 15. Nxe6 fxe6 16. Rhe1 Bf6 17. Be3 Rhe8 18. f4 e5 19. Qf2 a6 20. Ba4 Re7
21. g4 exf4 22. Bxf4 Rde8 23. Bh2 Re4 24. Rxe4 Rxe4 25. Bxc6 1/2-1/2